Southville International School and Colleges
Your cart is empty.
  • Cart
  • Lists
    Public lists Eva Luna New books Lux_list list_1
    Your lists Log in to create your own lists
  • Log in to your account
  • Your cookies
  • Search history
Southville International School and Colleges
  • Advanced search
  • Recent comments
  • Most popular
  • Libraries

Log in to your account

Log in with GOOGLE


If you do not have an external account, but do have a local account, you can still log in:

  1. Home
  2. MARC view: The Jane Austen book club /
Normal view MARC view ISBD view

The Jane Austen book club / (Record no. 22954)

[ view plain ]
MARC details
000 -LEADER
fixed length control field 00456nam a2200169 a 4500
005 - DATE AND TIME OF LATEST TRANSACTION
control field 20140310183437.0
008 - FIXED-LENGTH DATA ELEMENTS--GENERAL INFORMATION
fixed length control field 080620s19uu xx 00 eng d
020 ## - INTERNATIONAL STANDARD BOOK NUMBER
International Standard Book Number 0452286530
050 ## - LIBRARY OF CONGRESS CALL NUMBER
Classification number PS 3556.O844
Item number .F785 2005
100 ## - MAIN ENTRY--PERSONAL NAME
Personal name Fowler, Karen Joy
245 ## - TITLE STATEMENT
Title The Jane Austen book club /
Statement of responsibility, etc Karen Joy Fowler.
260 ## - PUBLICATION, DISTRIBUTION, ETC. (IMPRINT)
Place of publication, distribution, etc New York :
Name of publisher, distributor, etc A Plume Book,
Date of publication, distribution, etc 2005.
300 ## - PHYSICAL DESCRIPTION
Extent 288 p. :
Dimensions 19 cm.
650 ## - SUBJECT ADDED ENTRY--TOPICAL TERM
Topical term or geographic name as entry element Fiction.
942 ## - ADDED ENTRY ELEMENTS (KOHA)
Koha item type Books
Source of classification or shelving scheme Library of Congress Classification
Holdings
Withdrawn status Lost status Source of classification or shelving scheme Damaged status Home library Current library Shelving location Date acquired Total Checkouts Total Renewals Full call number Barcode Date last seen Date checked out Copy number Price effective from Koha item type
    Library of Congress Classification   College Library College Library Fiction Section 06/20/2008 1 1 PS 3556.O844 .F785 2005 C9218 05/08/2018 07/14/2016 1 10/18/2013 Books

The Jane Austen book club /

APA

Fowler K. J., . (2005). The Jane Austen book club. New York: A Plume Book.

Chicago

Fowler Karen Joy, . 2005. The Jane Austen book club. New York: A Plume Book.

Harvard

Fowler K. J., . (2005). The Jane Austen book club. New York: A Plume Book.

MLA

Fowler Karen Joy, . The Jane Austen book club. New York: A Plume Book. 2005.

  • Place hold
  • Print
  • Cite
  • Add to your cart (remove)
  • Save record
    BIBTEX Dublin Core MARCXML MARC (non-Unicode/MARC-8) MARC (Unicode/UTF-8) MARC (Unicode/UTF-8, Standard) MODS (XML) RIS
  • More searches
    Search for this title in:
    Other Libraries (WorldCat) Other Databases (Google Scholar) Online Stores (Bookfinder.com) Open Library (openlibrary.org)

Exporting to Dublin Core...

SOUTHVILLE LIBRARY

Southville International School and Colleges Library

1281 Tropical Ave. Cor. Luxembourg St., BF Homes International, Las Pinas City

Tel. No. 8256374 / 252358 Loc. 117/146

Powered by Koha